| 000 | 00369nam a22001097a 4500 | ||
|---|---|---|---|
| 008 | 230626b xxu||||| |||| 00| 0 eng d | ||
| 082 |
_a338.09 _bMOEPD 1959 |
||
| 245 |
_aKenya Survey of Industrial Production, 1957 _bEast African Statistical Department Kenya Unit |
||
| 260 |
_aKenya _bEast African Statistical Department Kenya Unit _c1959 |
||
| 300 | _a88p | ||
| 942 |
_2ddc _cBK |
||
| 999 |
_c2783 _d2783 |
||